000 01372nam a2200421 a 4500
003 AR-BaBNM
005 20251128210723.0
008 082120s2002 ||||||||||||||000 | spa||
020 _a84-85840-65-8
040 _cAR-BaBNM
245 0 0 _aLa educación matemática en la enseñanza secundaria
250 _a1ª ed.
260 _aBarcelona
_bICE
_bHorsori
_c1997
300 _a254 p.
_btablas, gráfs.
490 0 _aCuadernos de formación del profesorado. Educación secundaria
_vv. 12
500 _aTirada especial para la Red Federal de Formación Docente Continua. Ministerio de Cultura y Educación de la Nación
500 _aContiene referencias bibliográficas e índice temático
650 4 _aENSEÑANZA DE LAS MATEMATICAS
650 4 _aCURRICULO
650 4 _aDIFICULTADES EN EL APRENDIZAJE
650 4 _aMETODOS DE ENSEÑANZA
650 4 _aACTIVIDADES DE APRENDIZAJE
650 4 _aMATERIAL DIDACTICO
650 4 _aHISTORIA DE LAS MATEMATICAS
651 4 _aEspaña
653 _aEDUCACION SECUNDARIA
653 _aUNIDADES DIDACTICAS
700 1 _aRico, Luis
_ecoordinador
700 1 _aCastro, Encarnación
700 1 _aCastro, Enrique
700 1 _aCoriat, Moisés
700 1 _aMarín, Antonio
700 1 _aPuig, Luis
700 1 _aSocas, Martín
800 1 _aColl, Cesar
_edirector
942 _cBK
998 _cRAQUEL
999 _c16596
_d16596